Magyar sajtótájékoztató a Pannónia Vásáron
Elmentve itt :
| Dokumentumtípus: | Cikk |
|---|---|
| Megjelent: |
1974-03-26
|
| Sorozat: | Délmagyarország
64 No. 71 |
| Kulcsszavak: | Szabadka |
| Online Access: | http://dmarchiv.bibl.u-szeged.hu/112227 |
| LEADER | 00413nab a2200145 i 4500 | ||
|---|---|---|---|
| 001 | delm112227 | ||
| 005 | 20190416113419.0 | ||
| 008 | 190416s1974 hu o 0|| hun d | ||
| 040 | |a SZTE Délmagyarország Archívum |b hun | ||
| 041 | |a hun | ||
| 245 | 0 | 0 | |a Magyar sajtótájékoztató a Pannónia Vásáron |h [elektronikus dokumentum] |
| 260 | |c 1974-03-26 | ||
| 300 | |a 1 | ||
| 490 | 0 | |a Délmagyarország |v 64 No. 71 | |
| 695 | |a Szabadka | ||